Ball Knowledge #6 (All-Time QB's Edition) - Statistics

General Stats
  • This quiz has been taken 64 times
  • The average score is 11 of 15
Answer Stats
Hint Answer % Correct
Former Saint who threw for 46 touchdowns and is a former Super Bowl MVP Drew Brees
94%
Former Giant who is known for being in a famous family and beating Tom Brady twice in the Superbowl Eli Manning
94%
Auburn Legend who was famous for creating the celebration the Dab and popularizing the Superman Cam Newton
88%
Former Charger who was known for his duo with Antonio Gates Phillip Rivers
86%
Oilers Legend who threw for back to back 4700 yard seasons in 1990-91 Warren Moon
82%
Threw for over 4000 yards and 25 touchdowns in 1993 for the Broncos John Elway
80%
Former Steeler who had a criminal case brought against him in 2010 Ben Roethlisberger
78%
Former Colt who was a 3x MVP and was drafted in 1959 Johnny Unitas
78%
Former Steeler who is most remembered for his time in the Falcons and his short stint in jail Michael Vick
76%
Bills All Time Leader who lost 4 consecutive Superbowls Jim Kelly
75%
Former Packer who led them to victory in the first two Superbowls Bart Starr
71%
Former Redskin who has his leg broken by Lawrence Taylor Joe Theismann
71%
Former Viking who was the 1975 MVP and played at the franchise for 13 years Fran Tarkenton
57%
Former Titan who's the 2nd most famous " Air" in sports Steven McNair
55%
Chicago's flashy passer who was known as Jersey Jim Jim McMahon
53%
No matching quizzes found
Score Distribution
Percent of People with Each Score
Percentile by Number Answered
Your Score History
You have not taken this quiz